| 000 | 00447nam a2200121Ia 4500 | ||
|---|---|---|---|
| 008 | 160712s9999 xx 000 0 und d | ||
| 100 | _aBañez, John Erwin S. | ||
| 245 |
_cJohn Erwin S. Bañez _aExploring the Organizing Mechanism Among 4Ps Beneficiaries |
||
| 260 |
_c2012 _bPhilippine Journal of Social Development |
||
| 300 | _avol. 4 | ||
| 650 | _xSOCIAL DEVELOPMENT | ||
| 856 | _uhttp://journals.upd.edu.ph/index.php/pjsd/issue/view/414/showToc | ||
| 999 |
_c297511 _d297511 |
||